00467cam a2200157 a 4500020002300000040000800023082002600031245002200057260004600079300003800125500005000163650003100213650002900244650001700273700001900290 a0471962643 (pbk) : cUKM04a621 JWI 1997 A043 Or.00aMini hydropower / aChichester ;aNew York :bJ. Wiley,c1997 aix, 312 p. :bill., maps ;c25 cm aIncludes bibliographical references and index 0aHydroelectric power plants 0aRenewable energy sources 0aWater-supply1 aTong, Jiandong